| 000 | 01045nam a22002417a 4500 | ||
|---|---|---|---|
| 001 | 1785314 | ||
| 003 | AM-YEHGA | ||
| 005 | 20250917131854.0 | ||
| 008 | 210809s2021 ai o|||||||||||0||1|arm|d | ||
| 020 | _a9789939926278 | ||
| 040 | _aAM-YeHGA | ||
| 041 | 0 | _aarm | |
| 100 | 1 | _aՂուկասյան, Մելսիդա | |
| 245 | 1 | 0 |
_aԽոսքն էր սկիզբը ։ _b(Արձակ և չափածո ստեղծագործությունների ժողովածու) / _cՄ. Ղուկասյան ; Գլխավոր խմբագիր՝ Մ. Հակունց ; Սրբագրիչներ՝ Ա. Վարդանյան, Լ. Հակոբյան. |
| 260 |
_aԵրևան : _bՀայ արվեստի տուն, _c2021. |
||
| 300 |
_a160 էջ ։ _bլուսանկարներ ; _c21 սմ. |
||
| 650 | 1 | 4 |
_aՀայ պոեզիա _94512 |
| 650 | 1 | 4 | _aՀայ արձակ |
| 700 | 1 |
_aՀակունց, Մելսիդա _eխմբագիր _4edt |
|
| 700 | 1 |
_aՀակոբյան, Լարիսա _eսրբագրիչ _4crr |
|
| 700 | 1 |
_aՎարդանյան, Աստղիկ _eսրբագրիչ _4crr |
|
| 942 |
_2udc _cBK |
||
| 999 |
_c536464 _d536464 |
||